| 000 | 00787nam a2200229 a 4500 | ||
|---|---|---|---|
| 001 | 191136 | ||
| 003 | ES-MaACL | ||
| 005 | 20230906223936.0 | ||
| 008 | 220914s1991 xxu|||||| 001 ||eng|c | ||
| 020 | _a1564090019 | ||
| 022 | _a1055-632X | ||
| 080 | _a(058)"1991" | ||
| 245 | 0 | 0 |
_aLibro del año, 1991 : _banuario ilustrado de actualización, con los principales acontecimientos de 1990, para las obras en español de Encyclopaedia Britannica... |
| 260 |
_aMéxico, D.F. : _bEncyclopaedia Britannica de México, _ccop. 1991. |
||
| 300 |
_a415 p. : _bil. ; _c29 cm. |
||
| 504 | _aIndice. | ||
| 655 | 7 |
_2tgfbne _9226822 _aAnuarios |
|
| 710 | 2 |
_aEncyclopaedia Britannica. _93472 |
|
| 852 |
_aES-MaACL _jANU 058 lib "1991" |
||
| 942 | _2udc | ||
| 999 |
_c191136 _d191136 |
||